| 000 | 00453nam a2200181Ia 4500 | ||
|---|---|---|---|
| 008 | 240925s9999 xx 000 0 und d | ||
| 020 | _a9788122301526 | ||
| 082 | _a621.381 MAI | ||
| 100 | _aMaini, A. K. | ||
| 245 | 0 | _a50 Electronic Projects | |
| 250 | _aNA | ||
| 260 |
_aNew Delhi: _bPustak Mahal _c,2014. |
||
| 300 |
_a667p. _b0 _fOriginal |
||
| 500 | _aIncludes Index | ||
| 600 | _aElectronic Engineering | ||
| 650 | _aTechnology | ||
| 942 | _cBK | ||
| 999 |
_c13526 _d13526 |
||